000
00446nam a2200181Ia 4500
008
090124s9999 xx 000 0 und d
082
_b
47418
100
_a
भडभडे सुमन
245
_a
अंकुर
250
_a
1
260
_c
2008
300
_a
144
600
_a
भडभडे सुमन
630
_a
अंकुर
700
_a
भडभडे सुमन
730
_a
अंकुर
942
_c
BOOK
999
_c
113672
_d
113672